| 000 | 00963cam a22002774a 4500 | ||
|---|---|---|---|
| 001 | 14996260 | ||
| 003 | ARRUPE | ||
| 005 | 20161103123644.0 | ||
| 008 | 070906s2008 enk b 001 0 eng | ||
| 010 | _a 2007036885 | ||
| 020 | _a9780199234103 | ||
| 040 |
_aDLC _cDLC _dDLC |
||
| 050 | 0 | 0 |
_aBD311 _b.M37 2008 |
| 082 | 0 | 0 |
_a110 _222 |
| 100 | 1 |
_aMartin, C. B. _q(Charles Burton) _927111 |
|
| 245 | 1 | 4 |
_aThe mind in nature / _cC.B. Martin. |
| 260 |
_aOxford ; _aNew York : _bClarendon Press, _cc2008. |
||
| 300 |
_axvi, 224 p. ; _c23 cm. |
||
| 504 | _aIncludes bibliographical references (p. [199]-206) and indexes. | ||
| 650 | 0 |
_aOntology. _927112 |
|
| 650 | 0 |
_aPhilosophy of mind. _927113 |
|
| 650 | 0 |
_aDisposition (Philosophy) _927114 |
|
| 906 |
_a7 _bcbc _corignew _d1 _eecip _f20 _gy-gencatlg |
||
| 942 |
_2lcc _cMONOGRAPH |
||
| 999 |
_c125616 _d125616 |
||